[Event "First Saturday GM Nov 2013"]
[Site "Budapest"]
[Date "2013.11.10"]
[Round "7.4"]
[White "Arngrimsson, Dagur"]
[Black "Englert, Fabian"]
[Result "1/2-1/2"]
[WhiteElo "2397"]
[BlackElo "2282"]
[PlyCount "52"]
[EventDate "2013.11.02"]

1. d4 d5 2. c4 e6 3. Nf3 a6 4. Bg5 Be7 5. Bxe7 Qxe7 6. Nc3 Nf6 7. e3 O-O 8. Qc2
Nbd7 9. cxd5 exd5 10. Bd3 c5 11. a4 cxd4 12. Nxd4 Ne5 13. Be2 Be6 14. O-O Rac8
15. Rac1 g6 16. Qb3 Rfd8 17. Rfd1 Kg7 18. h3 h5 19. Na2 Qd7 20. Nxe6+ fxe6 21.
Nc3 Qe7 22. Rc2 Rc7 23. Rdc1 Rdc8 24. Qb6 Ned7 25. Qb3 Qd6 26. Na2 Rxc2 1/2-1/2

[Event "First Saturday GM Nov 2013"]
[Site "Budapest"]
[Date "2013.11.10"]
[Round "7.5"]
[White "Sean, Winshand Cuhendi"]
[Black "Sevian, Samuel"]
[Result "0-1"]
[WhiteElo "2317"]
[BlackElo "2384"]
[PlyCount "106"]
[EventDate "2013.11.02"]

1. e4 e5 2. Nf3 Nc6 3. Bb5 a6 4. Ba4 Nf6 5. O-O Be7 6. d3 b5 7. Bb3 d6 8. a3
O-O 9. Nc3 Bg4 10. Be3 Na5 11. Ba2 c5 12. Nd5 Nc6 13. h3 Be6 14. c3 Rc8 15. Ng5
Bxd5 16. exd5 Nb8 17. f4 h6 18. Ne4 Nxe4 19. dxe4 exf4 20. Bxf4 Bg5 21. Bg3 c4
22. Qd4 Re8 23. Rae1 Bh4 24. Bxh4 Qxh4 25. Qb6 Qd8 26. Qf2 Qe7 27. Bb1 Nd7 28.
Re3 Ne5 29. Rg3 Kh8 30. Qe3 Kh7 31. Bc2 Rb8 32. Rf5 g6 33. Rf2 a5 34. Qe1 Rb7
35. Kh2 Reb8 36. Qf1 b4 37. axb4 axb4 38. Re3 bxc3 39. bxc3 Rb2 40. Re1 Kg7 41.
Ra1 Qh4 42. Kg1 Qg3 43. Qe1 Qg5 44. Qd1 h5 45. Qd4 h4 46. Kh1 Kg8 47. Raf1 Ra8
48. Bb1 Rb7 49. Ra2 Rxa2 50. Bxa2 Rb2 51. Rf2 Qc1+ 52. Kh2 Qa1 53. Qa7 Rb1 0-1

[Event "First Saturday GM Nov 2013"]
[Site "Budapest"]
[Date "2013.11.11"]
[Round "8.1"]
[White "Farago, Ivan"]
[Black "Sevian, Samuel"]
[Result "1-0"]
[WhiteElo "2479"]
[BlackElo "2384"]
[PlyCount "89"]
[EventDate "2013.11.02"]

1. d4 d5 2. c4 c6 3. Nf3 Nf6 4. Nc3 e6 5. Bg5 dxc4 6. a4 b5 7. axb5 cxb5 8.
Nxb5 Qb6 9. Na3 Bxa3 10. Qa4+ Nc6 11. Qxa3 Ne4 12. e3 Qb4+ 13. Qxb4 Nxb4 14.
Rc1 Nd3+ 15. Bxd3 cxd3 16. Bf4 g5 17. Bc7 Bb7 18. Nd2 g4 19. f3 Nxd2 20. Kxd2
gxf3 21. gxf3 Bxf3 22. Rhg1 Ke7 23. Kxd3 Rhc8 24. Rc5 Bb7 25. e4 Rg8 26. Bg3
Rac8 27. Ra5 a6 28. Rh5 Bc6 29. Rxh7 Ke8 30. b3 Rg4 31. Re1 Bb5+ 32. Kd2 a5 33.
Rh5 Bc6 34. d5 Bb7 35. Rh8+ Ke7 36. d6+ Kd7 37. Rh7 Rf8 38. Rf1 Ke8 39. Rc1
Rxe4 40. Rc7 Ba6 41. Bh4 Rd4+ 42. Kc2 f6 43. Bxf6 Rg8 44. Rce7+ Kd8 45. Reg7+
1-0

[Event "First Saturday GM Nov 2013"]
[Site "Budapest"]
[Date "2013.11.11"]
[Round "8.2"]
[White "Englert, Fabian"]
[Black "Sean, Winshand Cuhendi"]
[Result "1-0"]
[WhiteElo "2282"]
[BlackElo "2317"]
[PlyCount "37"]
[EventDate "2013.11.02"]

1. e4 c5 2. Nc3 e6 3. Nf3 a6 4. g3 Nc6 5. Bg2 Nf6 6. d4 cxd4 7. Nxd4 Qc7 8. O-O
Be7 9. Re1 Nxd4 10. e5 Nc6 11. exf6 gxf6 12. Qg4 Ne5 13. Qg7 Ng6 14. h4 Qd8 15.
Nd5 d6 16. h5 Kd7 17. hxg6 exd5 18. Qxf7 hxg6 19. Qe6+ 1-0

[Event "First Saturday GM Nov 2013"]
[Site "Budapest"]
[Date "2013.11.11"]
[Round "8.3"]
[White "Matsenko, Sergei"]
[Black "Arngrimsson, Dagur"]
[Result "1-0"]
[WhiteElo "2454"]
[BlackElo "2397"]
[PlyCount "113"]
[EventDate "2013.11.02"]

1. Nf3 Nf6 2. c4 c6 3. Nc3 d5 4. e3 e6 5. d4 Nbd7 6. Qc2 Be7 7. Bd3 O-O 8. O-O
b6 9. b3 Bb7 10. Bb2 Rc8 11. Rad1 Qc7 12. Ne5 Rfd8 13. f4 c5 14. cxd5 cxd4 15.
exd4 Bxd5 16. Nxd5 exd5 17. Qe2 Ne4 18. Rc1 Qd6 19. Bxe4 dxe4 20. Qxe4 Nf6 21.
Qb7 Rb8 22. Qc6 Re8 (22... Ra8) 23. Qxd6 Bxd6 24. g3 Nd5 25. Nc4 Bf8 26. Rfe1
Nb4 27. a4 Nd3 28. Rxe8 Rxe8 29. Rd1 Nxb2 30. Nxb2 Re2 31. Nc4 Bb4 32. d5 Bc5+
33. Kh1 Re7 34. Kg2 f6 35. Kf3 Kf7 36. g4 Rd7 37. h4 a6 38. h5 b5 39. axb5 axb5
40. Ne3 g6 41. hxg6+ hxg6 42. Rh1 Kg7 43. Rc1 Bxe3 44. Kxe3 Rxd5 45. Ke4 Rd7
46. Rc5 Rb7 47. b4 Kf7 48. f5 Re7+ 49. Kd5 Rd7+ 50. Kc6 Rd4 51. Rxb5 Rxg4 52.
Rb7+ Kf8 53. b5 gxf5 54. b6 Rc4+ 55. Kb5 Rc1 56. Rc7 Rb1+ 57. Kc5 1-0

[Event "First Saturday GM Nov 2013"]
[Site "Budapest"]
[Date "2013.11.11"]
[Round "8.4"]
[White "Troff, Kayden W"]
[Black "Dobrov, Vladimir"]
[Result "1-0"]
[WhiteElo "2457"]
[BlackElo "2528"]
[PlyCount "109"]
[EventDate "2013.11.02"]

1. d4 d5 2. c4 c6 3. Nf3 Nf6 4. e3 Bf5 5. Nc3 e6 6. Nh4 Bg6 7. Nxg6 hxg6 8. Bd3
Qc7 9. h3 Nbd7 10. Bd2 Be7 11. Rc1 Rd8 12. Qc2 Nb6 13. c5 Nbd7 14. f4 g5 15.
Ne2 gxf4 16. exf4 g6 17. b4 Nh5 18. O-O f5 19. b5 Kf7 20. Qa4 Rdg8 21. bxc6
bxc6 22. Rb1 g5 23. Ba6 gxf4 24. Ba5 Nxc5 25. Bxc7 Nxa4 26. Rb7 Kg6 27. Bxf4
Bg5 28. Bxg5 Kxg5 29. Rc1 Rh6 30. Kf2 Rhg6 31. g3 f4 32. g4 Nf6 33. Kf3 Rh6 34.
Nxf4 Ne4 35. Rxc6 Rf8 36. Rg7+ Kh4 37. Rxe6 Rhh8 38. Rgg6 Nd2+ 39. Ke3 Ne4 40.
Nxd5 Ng5 41. Rh6+ Rxh6 42. Rxh6+ Kg3 43. Nf6 Nc3 44. Kd3 Nxa2 45. Ne4+ Nxe4 46.
Kxe4 Nc3+ 47. Ke5 Rg8 48. Bd3 a5 49. d5 a4 50. Kd4 Na2 51. Ra6 Kxh3 52. Bf5 Nc1
53. Rxa4 Re8 54. d6 Ne2+ 55. Kc5 1-0

[Event "First Saturday GM Nov 2013"]
[Site "Budapest"]
[Date "2013.11.11"]
[Round "8.5"]
[White "Vavulin, Maksim"]
[Black "Czebe, Attila"]
[Result "1-0"]
[WhiteElo "2405"]
[BlackElo "2458"]
[PlyCount "94"]
[EventDate "2013.11.02"]

1. e4 c5 2. Nf3 b6 3. d4 cxd4 4. Nxd4 Bb7 5. Nc3 a6 6. Be3 e6 7. Qd2 Qc7 8. f3
Nf6 9. O-O-O Bb4 10. Bf4 Qc8 11. Nde2 d5 12. a3 Bxc3 13. Nxc3 dxe4 14. Bd6 exf3
15. Qg5 Nbd7 16. gxf3 Bxf3 17. Rg1 Rg8 18. Rd4 Qb7 19. Bd3 h6 20. Qh4 Bc6 21.
Ne4 O-O-O 22. Rc4 b5 23. Rc3 Nd5 24. Bg3 N7b6 25. Rb3 Na4 26. Nd6+ Rxd6 27.
Bxd6 Rd8 28. Bb4 f5 29. Qe1 Nf4 30. Qe5 g5 31. Ba5 Re8 32. h4 Qb8 33. Qd4 g4
34. Re1 g3 35. Bd2 Ng2 36. Re2 Qc7 37. Bxh6 Rd8 38. Qf6 Bd5 39. Rb4 Nc5 40. Kb1
Bf3 41. Rxe6 Nxe6 42. Qxe6+ Kb7 43. Qxf5 Bc6 44. Rg4 Rd7 45. Be4 Nxh4 46. Rxh4
g2 47. Be3 Re7 1-0

[Event "First Saturday GM Nov 2013"]
[Site "Budapest"]
[Date "2013.11.12"]
[Round "9.3"]
[White "Arngrimsson, Dagur"]
[Black "Troff, Kayden W"]
[Result "0-1"]
[WhiteElo "2397"]
[BlackElo "2457"]
[PlyCount "88"]
[EventDate "2013.11.02"]

1. d4 Nf6 2. c4 g6 3. Nc3 d5 4. cxd5 Nxd5 5. Bd2 Bg7 6. e4 Nb6 7. Be3 O-O 8.
Bb5 a6 9. Be2 Qd6 10. Nf3 Bg4 11. h3 Bxf3 12. Bxf3 Qb4 13. Qb3 Nc6 14. Qxb4
Nxb4 15. Ke2 Nc4 16. b3 Nxe3 17. fxe3 c5 18. e5 cxd4 19. exd4 Rac8 20. Nd5 Nxd5
21. Bxd5 Rcd8 22. Bxb7 Rxd4 23. Bxa6 Re4+ 24. Kf3 Rxe5 25. Bd3 Rd8 26. Rad1 Rd6
27. g4 h5 28. Bc4 Rf6+ 29. Kg2 hxg4 30. hxg4 Re4 31. Rhe1 Rxg4+ 32. Kh3 Rg5 33.
Rf1 e6 34. Rd8+ Kh7 35. Rxf6 Bxf6 36. Rd7 Kg8 37. b4 Be5 38. Rd3 Rg1 39. b5 g5
40. Re3 Bc7 41. Rb3 Kg7 42. b6 g4+ 43. Kh4 Bd8+ 44. Kh5 f5 0-1

[Event "First Saturday GM Nov 2013"]
[Site "Budapest"]
[Date "2013.11.12"]
[Round "9.4"]
[White "Sean, Winshand Cuhendi"]
[Black "Matsenko, Sergei"]
[Result "0-1"]
[WhiteElo "2317"]
[BlackElo "2454"]
[PlyCount "114"]
[EventDate "2013.11.02"]

1. e4 e6 2. d4 d5 3. Nc3 Bb4 4. e5 Ne7 5. a3 Bxc3+ 6. bxc3 b6 7. Qg4 Ng6 8. h4
h5 9. Qg5 Ba6 10. Ne2 Qxg5 11. hxg5 Nc6 12. g3 Kd7 13. Bg2 Bxe2 14. Kxe2 Nge7
15. Bf3 g6 16. Be3 Na5 17. a4 Nc4 18. Rab1 a5 19. Kd1 Rhb8 20. g4 hxg4 21. Bxg4
Rh8 22. Ke2 Rxh1 23. Rxh1 Nf5 24. Bf4 c6 25. Bc1 b5 26. Kd1 b4 27. Rh7 Ke7 28.
Be2 Nb6 29. Bd2 Nxa4 30. cxb4 Rb8 31. b5 Nxd4 32. Bxa5 Nxe2 33. Kxe2 Rxb5 34.
Bc7 Nc3+ 35. Kd3 Ne4 36. Bd6+ Nxd6 37. exd6+ Kxd6 38. Rxf7 Rb4 39. Rf6 Rg4 40.
Rxg6 Ke5 41. f3 Rg2 42. f4+ Kxf4 43. Rxe6 c5 44. Rc6 Rg3+ 45. Kd2 c4 46. g6 Ke4
47. Rd6 Ke5 48. Ra6 Kd4 49. Rd6 Rg2+ 50. Kd1 Kc3 51. Rxd5 Rxg6 52. Re5 Rg1+ 53.
Ke2 Rc1 54. Re7 Rxc2+ 55. Ke3 Rh2 56. Rc7 Kb3 57. Rb7+ Kc2 0-1

[Event "First Saturday GM Nov 2013"]
[Site "Budapest"]
[Date "2013.11.12"]
[Round "9.5"]
[White "Sevian, Samuel"]
[Black "Englert, Fabian"]
[Result "1-0"]
[WhiteElo "2384"]
[BlackElo "2282"]
[PlyCount "81"]
[EventDate "2013.11.02"]

1. e4 e5 2. Nf3 d6 3. d4 exd4 4. Nxd4 Nf6 5. Nc3 Be7 6. Be2 O-O 7. O-O Re8 8.
f4 Bf8 9. Bf3 c5 10. Nde2 Nc6 11. b3 Bg4 12. Ng3 Bxf3 13. Qxf3 Rc8 14. Bb2 Nd4
15. Qd3 b5 16. Rae1 d5 17. e5 Ng4 18. h3 Qh4 19. hxg4 c4 20. Qxd4 Bc5 21. Qxc5
Rxc5 22. b4 Rcc8 23. Nf5 Qxg4 24. Nd6 d4 25. Nce4 d3 26. Nxe8 Rxe8 27. cxd3
cxd3 28. Rf3 Qh4 29. Rd1 d2 30. Nxd2 Rd8 31. Rff1 Qh6 32. Ne4 Qb6+ 33. Nc5 a5
34. a3 h5 35. f5 axb4 36. axb4 Re8 37. Rd6 Qa7 38. e6 Re7 39. Rd7 Qb8 40. Rxe7
Qg3 41. exf7+ 1-0